000 00555nam a2200181 4500
001 143973
003 ES-MaACL
005 20230906200922.0
007 t|
008 070214s1936 xxk r ||||1| eng d
100 1 _aShaw, Bernard.
_9106025
245 1 4 _aThe simpleton
_b: ; The six ; and The millionairess : being three more plays /
_cby Bernard Shaw.
260 _aLondon :
_bConstable & Co.,
_c1936 (
_eEdinburgh :
_fR. R. Clark)
300 _a198 p. ;
_c21 cm.
740 0 _aThe six.
740 0 _aThe millionairess.
852 _aES-MaACL
_jA-4347
999 _c143973
_d143973